Barbie: life in the dreamhouse - lyrics - Statistics

General Stats
  • This quiz has been taken 113 times
  • The average score is 35 of 45
Answer Stats
Answer % Correct
Dream
97%
Dream
97%
Dream
97%
Dream
97%
Dream
97%
House
97%
House
97%
House
97%
House
97%
House
97%
In
97%
In
97%
In
97%
Life
97%
Life
97%
Life
97%
The
97%
The
97%
The
97%
The
97%
The
97%
Barbie
91%
Yeah
87%
Oh
86%
Hey
85%
Hey
85%
Are
63%
Summer
63%
Days
62%
We
61%
At
60%
At
60%
It
60%
Can
57%
Easy
56%
Ken
56%
Take
55%
Forever
53%
Forever
53%
Forever
53%
Forever
53%
Friends
47%
Sun
47%
Breezy
43%
Young
43%
No matching quizzes found
Score Distribution
Percent of People with Each Score
Percentile by Number Answered
Your Score History
You have not taken this quiz